| Поле | Инд. | ПП | Название | Значение |
|---|---|---|---|---|
| Тип записи | a | |||
| Библиографический уровень | m | |||
| 001 | Контрольный номер | RU/IS/BASE/603980671 | ||
| 005 | Дата корректировки | 20251126105023.4 | ||
| 040 | b | Код языка каталог. | rus | |
| e | Правила каталог. | PSBO | ||
| 041 | 0_ | a | Код языка текста | rus |
| 097 | b | Оператор | *Ольга* | |
| 245 | 10 | a | Заглавие | Оценочные средства промежуточной аттестации в форме курсовой работы по дисциплине "Управление качеством". Направление подготовки 38.03.02 Менеджмент. Профиль: Производственный менеджмент. Профиль: Экономика и управление |
| b | Продолж. заглавия | в составе учебно-методического комплекса | ||
| c | Ответственность | Кафедра "Менеджмент" | ||
| c | Ответственность | разработчик С.Ю. Осипов | ||
| 260 | a | Место издания | Тверь | |
| b | Издательство | ТвГТУ | ||
| c | Дата издания | 2017 | ||
| 440 | _0 | a | Серия | УМК-Э |
| 500 | a | Примечание | 2/2019 | |
| 516 | 8_ | a | Прим. о типе комп. файла/ данных | Текст : электронный |
| 535 | 1_ | a | Хранилище | Сервер |
| 583 | a | Действие | Приписка : УМК | |
| 655 | a | Жанр/ форма (устаревшее) | М | |
| 773 | 18 | w | Контрольный № источника | 117609 |
| w | Контрольный № источника | c195d6d7c61f4c4db42fdf139fe04a3e | ||
| 900 | a | Имя макрообъекта | 001-000133374-000000000-0000-0000-01 | |
| 901 | t | Тип документа | y | |
| 905 | a | Дата создания записи | 20.02.19 | |
| b | Дата создания записи обработка | 11.03.24 | ||
| c | Дата приписки | 26.11.25 | ||
| 922 | c | Кафедра | Менеджмент | |
| 951 | i | EL-ТГТУ? | Да | |
| 952 | g | 1 | ||
| a | Тип литературы для КСУ ВШ | М |